• 首页
  • 本馆介绍
  • 公告通知
  • 最新文献
  • 馆藏检索
  • 电子资源
  • 读者导购
  • 参考咨询
  • 我的图书馆
  • 登录
  • 详细信息显示
  • 放入我的书架
  • 预约/预借图书
  • 作者相关作品
  • 分类相关作品
  • 丛书相关作品
  • 出版社相关作品

书目信息

  • 表格格式
  • 工作单格式
  • 卡片格式
题名:
盘饰应用
    
 
作者: 李吉川 著
分册:  
出版信息: 北京   中国轻工业出版社  2005.01
页数: 60页
开本: 24cm
丛书名:
单 册:
中图分类: TS972.114
科图分类:
主题词: 菜谱--装饰雕塑--中国--图集 , 菜谱 , 装饰雕塑
电子资源:
ISBN: 7-5019-4705-8
000 00705nam0 2200241 450
001 002823370
005 20050405145800.0
010    @a7-5019-4705-8@dCNY16.80
100    @a20100913d2005 em y0chiy0110 ea
101 0  @achi
102    @aCN@b110000
105    @aa z 000yy
200 1  @a盘饰应用@Apan shi ying yong@f李吉川著
210    @a北京@c中国轻工业出版社@d2005.01
215    @a60页@c图@d24cm
330    @a本书介绍59种盘饰花样,菜点围边的基础技法及高级设计,盘饰与菜品天衣无缝的配搭等内容。
606 0  @a菜谱@x装饰雕塑@y中国@j图集
606 0  @a菜谱
606 0  @a装饰雕塑
690    @aTS972.114@v5
701  0 @a李吉川@Ali ji chuan@4著
905    @aBZT@dTS972.114@e13
906    @dCNY16.80@n0@r1
    
    盘饰应用/李吉川著.-北京:中国轻工业出版社,2005.01
    60页:图;24cm
    
    
    ISBN 7-5019-4705-8:CNY16.80
    本书介绍59种盘饰花样,菜点围边的基础技法及高级设计,盘饰与菜品天衣无缝的配搭等内容。
●
相关链接 在五车中查询图书 在当当中查询图书 在豆瓣中查询图书


正题名:盘饰应用     索取号:TS972.114/13         预约/预借

序号 登录号 条形码 馆藏地/架位号 状态 备注
1 769048   2000769048   中心书库中库/ 中库024架A面2列6层73/ [索取号:TS972.114/13] 在馆    
2 769049   2000769049   中心书库中库/ 中库024架A面2列6层72/ [索取号:TS972.114/13] 在馆    
3 769050   2000769050   中心书库中库/ 中库024架A面2列6层128/ [索取号:TS972.114/13] 在馆    
4 769051   2000769051   中心书库中库/ 中库024架A面2列6层114/ [索取号:TS972.114/13] 在馆    
5 769052   2000769052   中心书库中库/ 中库024架A面2列6层71/ [索取号:TS972.114/13] 在馆    
6 769053   2000769053   中心书库中库/ 中库024架A面2列6层113/ [索取号:TS972.114/13] 在馆    
7 769054   2000769054   中心书库中库/ 中库024架A面2列6层107/ [索取号:TS972.114/13] 在馆    
8 769055   2000769055   中心书库中库/ 中库024架A面2列6层102/ [索取号:TS972.114/13] 在馆    
9 769056   2000769056   中心书库中库/ 中库024架A面2列6层82/ [索取号:TS972.114/13] 在馆    
10 769057   2000769057   中心书库中库/ 中库024架A面2列6层108/ [索取号:TS972.114/13] 在馆    
山东省滨州职业学院图书馆 欢迎您!
大连网信软件有限公司© 版权所有